Propuesta de plan de mantenimiento para generador eléctrico en la empresa DIESA en el departamento de Managua-Nicaragua
El presente trabajo se realizó en la empresa DIESA Desarrollo de instalaciones industriales eléctricas especializadas S.A durante los años 2018 y 2019, consistió en la evaluación del mantenimiento industrial del equipo generador eléctrico empleado en el área de operaciones de la organizacio...
| Main Authors: | , , |
|---|---|
| Other Authors: | |
| Format: | Tesis Section = Libro |
| Language: | Undetermined Spanish |
| Published: |
Managua
UNI
2021
|
| Subjects: |
| LEADER | 01542nam a2200277Ia 4500 | ||
|---|---|---|---|
| 008 | 240830s9999 xx 000 0 und d | ||
| 040 | |a BIBLIOTECA-RUPAP Mon 620.0046 F475 | ||
| 041 | |a spa | ||
| 082 | |a Mon 620.0046 F475 | ||
| 100 | 1 | |a Figueroa Aguilar, Rene Alberto | |
| 100 | 1 | |b Sánchez Delgado, Mayling Elizabeth | |
| 100 | 1 | |c Quintero Flores, Saúl Levy | |
| 245 | 1 | 0 | |a Propuesta de plan de mantenimiento para generador eléctrico en la empresa DIESA en el departamento de Managua-Nicaragua |
| 260 | |a Managua |b UNI |c 2021 | ||
| 300 | |a 100 p. :il. | ||
| 500 | |a Contiene: anexos y CD. | ||
| 502 | |a Tesis (Ingeniero Industrial) - UNI, 2021. | ||
| 520 | 3 | |a El presente trabajo se realizó en la empresa DIESA Desarrollo de instalaciones industriales eléctricas especializadas S.A durante los años 2018 y 2019, consistió en la evaluación del mantenimiento industrial del equipo generador eléctrico empleado en el área de operaciones de la organización, orientadas por el departamento Técnico de dicha empresa; para determinar si el plan de mantenimiento es apto con respecto a las maquinarias y equipos involucrados en el proceso de servicio de instalaciones eléctricas horizontales y verticales brindado por DIESA. | |
| 650 | 7 | |a MANTENIMIENTO INDUSTRIAL | |
| 650 | 7 | |b GENERADOR ELECTRICO-MANTENIMIENTO | |
| 650 | 7 | |c MANTENIMIENTO PREVENTIVO EMPRESARIAL | |
| 650 | 7 | |d PLANIFICACION EMPRESARIAL. | |
| 700 | 1 | |a Tutor: |b Chavarría González, Denis Róger | |
| 942 | |c BK |2 ddc | ||
| 991 | |a TESIS | ||
| 999 | |c 18932 | ||